Shakespeare and the modern stage : with other essays /

Bibliographic Details
Main Author: Lee, Sidney, Sir, 1859-1926
Format: Book
Language:English
Published: New York : C. Scribner's sons, 1906.
Subjects:

MARC

Tag First Indicator Second Indicator Subfields
LEADER 00000cam a2200000 4500
001 in00000022419
005 20151007064004.0
008 720712s1906 nyu 00010 eng u
010 |a  06038524  
035 |a (OCoLC)00353253 
035 |9 AAD8771AM 
040 |c WSU  |d TXA  |d UtOrBLW 
049 |a TXAM  |c [6949] 
050 0 |a PR3091  |b .L4 
092 |a 822.33  |b GL481 
100 1 |a Lee, Sidney,  |c Sir,  |d 1859-1926. 
245 1 0 |a Shakespeare and the modern stage :  |b with other essays /  |c by Sidney Lee ... 
264 1 |a New York :  |b C. Scribner's sons,  |c 1906. 
300 |a 2 pages ., vii-xv, 251 pages ;  |c 24 cm. 
336 |a text  |b txt  |2 rdacontent 
337 |a unmediated  |b n  |2 rdamedia 
338 |a volume  |b nc  |2 rdacarrier 
500 |a "The eleven papers which are collected here were writen between 1899 and 1905. With the exception of one, entitled 'Aspects of Shakespeare's philosophy,' which is now printed for the first time, all were published in periodicals in the course of those six years."--Pref. 
505 0 |a Shakespeare and the modern stage.--Shakespeare and the Elizabethan playgoer.--Shakespeare in oral tradition.--Pepys and Shakespeare.--Mr. Benson a nd the Shakespearean drama.--The municipal theatre.--Aspects of Shakespeare's philosophy.--Shakespeare and patriotism.--A peril of Shakespearean research.--Shakespeare in France.--The commemoration of Shakespeare in London. 
600 1 0 |a Shakespeare, William,  |d 1564-1616. 
600 1 0 |a Shakespeare, William,  |d 1564-1616  |x Stage history. 
999 |a MARS 
999 f f |s 4843d569-2c5d-390e-b06a-ebcb722f382a  |i cf1f039d-07f4-3507-a0bb-c9db8605df75  |t 0 
952 f f |p normal  |a Texas A&M University  |b College Station  |c Sterling C. Evans Library  |d Evans: Library Stacks  |t 0  |e PR3091 .L4  |h Library of Congress classification  |i unmediated -- volume  |m A14801308165 
998 f f |a PR3091 .L4  |t 0  |l Evans: Library Stacks